Normal view MARC view

Entry Personal Name

Number of records used in: 1

001 - CONTROL NUMBER

  • control field: 5896

003 - CONTROL NUMBER IDENTIFIER

  • control field: OSt

005 - DATE AND TIME OF LATEST TRANSACTION

  • control field: 20151023151736.0

008 - FIXED-LENGTH DATA ELEMENTS

  • fixed length control field: 151023|| aca||aabn | a|a d

040 ## - CATALOGING SOURCE

  • Original cataloging agency: OSt
  • Transcribing agency: OSt

100 ## - HEADING--PERSONAL NAME

  • Personal name: Drake, Richard L.; Vogel A. Wayne; Mitchell, Adam W.M.

670 ## - SOURCE DATA FOUND

  • Source citation: Work cat.: (OSt): Drake, Richard L.; Vogel A. Wayne; Mitchell, Adam W.M., Dorland's Gray's pocket atlas of anatomy, 2008